000 00565nam a2200181Ia 4500
008 100921s9999 xx 000 0 und d
082 _b18126
_a745.5 थ 78
100 _aपुरम प्रभावती.
245 _aभरतकला.
260 _bमॅजेस्टीक बुक स्टॉल,मुंबई.
_c1978
300 _a151
_b---
365 _b60
520 _aकला-हस्तकला.
630 _aभरतकला.
650 _aकला-हस्तकला.
730 _aभरतकला.
942 _cBOOK
999 _c767239
_d767236